000 00485nam a22001697a 4500
005 20250529125011.0
008 250414b |||||||| |||| 00| 0 eng d
020 _a9789394262348
040 _cSDCL
041 _2eng
_aeng
084 _aV2'P R4.1
100 _aTorri, Michelguglielmo
_9751505
245 _aHistory of India (Vol. I) :
_bFrom the first human settlements to the Mughal empire
260 _aNew Delhi :
_bManohar,
_c2024.
300 _a3 Volumes
942 _2CC
_cREF
999 _c1308952
_d1308952